| 000 | 01300cam a2200241 4500 | ||
|---|---|---|---|
| 001 | ABS63562 | ||
| 008 | 000000n2001 000 0 eng u | ||
| 035 | _a(Sirsi) u111157 | ||
| 100 | _aBingham, T. | ||
| 245 | _aLooking for trouble | ||
| 260 | _c2001 | ||
| 490 |
_aBuilding _v266(8170) 23 February 2001, 57(1) |
||
| 520 | _aClarifies the difference between a claim and a dispute. A claim only becomes a dispute when the accused party has had a chance to consider the complaint, and had a chance to respond to it. Only then can arbitration or adjudication be sought. Refers to "A&J Rogers v The Northern Ireland Executive" (1998) as an example in which the judge dismissed the claiming party's letter which merely stated a dispute existed, without establishing from both sides that there was a dispute over the contract. | ||
| 590 | _aABS | ||
| 650 | _aCLAIMS | ||
| 650 | _aDISPUTES | ||
| 650 | _aCOMPLAINTS | ||
| 650 | _aROGERS V NORTHERN IRELAND HOUSING EXECUTIVE | ||
| 650 | _aMANAGEMENT-DISPUTE AVOIDANCE, MANAGEMENT AND RESOLUTION-DISPUTE MANAGEMENT AND RESOLUTION-ARBITRATION | ||
| 650 | _aMANAGEMENT-DISPUTE AVOIDANCE, MANAGEMENT AND RESOLUTION-DISPUTE MANAGEMENT AND RESOLUTION-ALTERNATIVE DISPUTE RESOLUTION-ADJUDICATION | ||
| 690 |
_aDispute resolution _96236 |
||
| 942 | _n0 | ||
| 999 |
_c66222 _d66222 |
||